000 00663nam a2200229 4500
001 73318
003 BD-RjUL
005 20211209082359.0
008 170530r19631958enka 001 0 eng d
035 _a(BD-RjUL)73536
040 _aGAT
_cGAT
_dUKM
_dBD-RjUL
_beng
041 _aeng
082 0 4 _a621.384
_223
_bSCF 1963
100 1 _aScroggie, M. G.
_q(Marcus Graham),
_d1901-
_9216876
245 1 0 _aFoundations of wireless /
_cM. G. Scroggie.
250 _a7th ed., rev. and enl.
260 _aLondon :
_bIliffe,
_c1958 [impression 1963]
300 _aix, 388 p. :
_bill. ;
_c21 cm.
500 _aIncludes Indexes
650 0 _aRadio.
_9216877
942 _2ddc
_cBK
999 _c73318
_d73318